[Event "II Festival ASDEC A"]
[Site "Messina ITA"]
[Date "2012.08.29"]
[Round "4"]
[White "Quattrone, Andrea"]
[Black "Russo, Alfio"]
[WhiteElo "1820"]
[BlackElo "1905"]
[Result "0-1"]
[PlyCount "166"]
[EventDate "2012.08.27"]

1. e4 g6 2. d4 Bg7 3. c4 d6 4. Nc3 Nf6 5. h3 O-O 6. Nf3 c5 7. d5 e6 8. Be2 exd5
9. exd5 Re8 10. O-O Ne4 11. Nxe4 Rxe4 12. Bd3 Re8 13. Re1 Bd7 14. Rxe8+ Bxe8
15. Qb3 Qb6 16. Qxb6 axb6 17. Bf4 Na6 18. Bxd6 Nb4 19. Bf1 Bxb2 20. Re1 Bf6 21.
g4 g5 22. Be7 Bxe7 23. Rxe7 h6 24. d6 Bc6 25. Ne5 Rd8 26. Nxf7 Ra8 27. Nxh6+
Kf8 28. Nf5 Nxa2 29. Bg2 Nb4 30. Bxc6 bxc6 31. Rh7 Ra1+ 32. Kg2 Nd3 33. Rh8+
Kf7 34. d7 Nf4+ 35. Kf3 Ra3+ 36. Ne3 Ne6 37. Re8 Rd3 38. Ke4 Rxd7 39. Rb8 b5
40. cxb5 cxb5 41. Rxb5 c4 42. Rf5+ Kg6 43. Ke5 Nd4 44. Rf6+ Kg7 45. Nd5 c3 46.
Ra6 c2 47. Ra1 Nb3 48. Re1 c1=Q 49. Rxc1 Nxc1 50. Ke6 Rf7 51. Ne3 Rf6+ 52. Ke7
Rxf2 53. Nd5 Re2+ 54. Kd6 Nd3 55. Ne7 Nf4 56. Nf5+ Kf6 57. Ng3 Rd2+ 58. Kc6
Rc2+ 59. Kd6 Nxh3 60. Kd5 Nf2 61. Kd4 Nxg4 62. Kd3 Ra2 63. Ke4 Ra4+ 64. Kf3
Ne5+ 65. Kf2 g4 66. Nh5+ Kg6 67. Ng3 Ra2+ 68. Kf1 Nd3 69. Ne4 Kf5 70. Nc3 Rc2
71. Nd5 Rc1+ 72. Ke2 Nf4+ 73. Kd2 Nxd5 74. Ke2 Kf4 75. Kd2 Ra1 76. Ke2 Ra8 77.
Kf2 Rg8 78. Kg2 g3 79. Kf1 g2+ 80. Kg1 Ne3 81. Kf2 g1=Q+ 82. Ke2 Qd1+ 83. Kf2
Rg2# 0-1

[Event "II Festival ASDEC A"]
[Site "Messina ITA"]
[Date "2012.08.29"]
[Round "4"]
[White "Rosolia, Giuseppe"]
[Black "Spina, Simonpietro"]
[WhiteElo "1817"]
[BlackElo "1730"]
[Result "0-1"]
[PlyCount "118"]
[EventDate "2012.08.27"]

1. Nf3 Nf6 2. d3 d6 3. e4 e5 4. Nbd2 g6 5. g3 Bg7 6. Bg2 Be6 7. c3 O-O 8. O-O
Nc6 9. b4 a6 10. Bb2 d5 11. a3 dxe4 12. dxe4 Qe7 13. Ng5 Bg4 14. f3 Bc8 15. Qc2
h6 16. Nh3 Be6 17. Rfd1 Rfd8 18. Nf2 Rd7 19. Bf1 Rad8 20. Nb3 Rxd1 21. Rxd1
Rxd1 22. Qxd1 Nd7 23. Bh3 Bxh3 24. Nxh3 Qe6 25. Nf2 Bf8 26. Qd5 Qxd5 27. exd5
Ne7 28. c4 b5 29. Nc5 Nxc5 30. bxc5 bxc4 31. d6 cxd6 32. cxd6 Nc6 33. d7 Bc5
34. Bxe5 f5 35. Kf1 Kf7 36. a4 Ke6 37. Bg7 h5 38. d8=Q Nxd8 39. Nh3 Bd6 40. Ke2
Kd5 41. Ng5 Ne6 42. Nxe6 Kxe6 43. Kd2 Bb4+ 44. Kc2 g5 45. h3 Be1 46. g4 fxg4
47. fxg4 hxg4 48. hxg4 Bg3 49. Bh6 Bf4 50. Kc3 Kd5 51. Bf8 Be5+ 52. Kc2 Bf6 53.
Bb4 Ke4 54. Bd2 Kf3 55. Bxg5 Bxg5 56. Kc3 Kxg4 57. a5 Bd8 58. Kxc4 Bxa5 59. Kb3
Be1 0-1

[Event "II Festival ASDEC A"]
[Site "Messina ITA"]
[Date "2012.08.29"]
[Round "4"]
[White "Rota, Giacomo"]
[Black "Velardi, Giovanni"]
[WhiteElo "1983"]
[BlackElo "1826"]
[Result "1/2-1/2"]
[PlyCount "43"]
[EventDate "2012.08.27"]

1. d4 d6 2. Nf3 Bg4 3. e4 Nf6 4. Nbd2 Nbd7 5. Be2 e5 6. O-O Be7 7. c3 O-O 8.
Ne1 Bxe2 9. Qxe2 c6 10. Nd3 Ne8 11. f4 Bf6 12. Nf3 Qe7 13. Be3 Nc7 14. Rae1
Rfe8 15. Qf2 Rf8 16. dxe5 dxe5 17. f5 Rfd8 18. Rd1 Ne8 19. Rfe1 Nd6 20. Bc1 b6
21. b3 Nb7 22. Be3 1/2-1/2

[Event "II Festival ASDEC A"]
[Site "Messina ITA"]
[Date "2012.08.29"]
[Round "4"]
[White "Scattareggia, Domenico"]
[Black "Marzaduri, Riccardo"]
[WhiteElo "2027"]
[BlackElo "1826"]
[Result "0-1"]
[PlyCount "58"]
[EventDate "2012.08.27"]

1. e4 d5 2. e5 c5 3. c3 Nc6 4. Bb5 Qc7 5. d4 Bf5 6. g4 Bd7 7. Be2 e6 8. f4 Nge7
9. Nf3 h5 10. gxh5 Rxh5 11. Ng5 Rh8 12. Na3 a6 13. Nc2 Nf5 14. O-O cxd4 15.
Nxd4 Ncxd4 16. cxd4 Nxd4 17. Be3 Nxe2+ 18. Qxe2 Bb5 19. Qg4 Bxf1 20. Nxe6 fxe6
21. Qxe6+ Qe7 22. Qg6+ Qf7 23. Qc2 Bb5 24. f5 Qh5 25. Bf4 Qg4+ 26. Bg3 Qe4 27.
Qd2 Bc5+ 28. Bf2 Qg4+ 29. Kh1 Be2 0-1

[Event "II Festival ASDEC A"]
[Site "Messina ITA"]
[Date "2012.08.29"]
[Round "4"]
[White "Tricomi, Massimo"]
[Black "Altomonte, Giuseppe"]
[WhiteElo "1837"]
[BlackElo "1860"]
[Result "0-1"]
[PlyCount "110"]
[EventDate "2012.08.27"]

1. e4 c5 2. Nf3 e6 3. d3 d5 4. Nbd2 Nc6 5. Be2 Qc7 6. c3 Nf6 7. O-O Be7 8. Re1
O-O 9. Bf1 dxe4 10. dxe4 Rd8 11. Qc2 b6 12. Nb3 Bb7 13. Bg5 Ne5 14. Nxe5 Qxe5
15. f4 Qc7 16. Bxf6 Bxf6 17. e5 Be7 18. Bd3 Rxd3 19. Qxd3 c4 20. Qc2 cxb3 21.
axb3 g6 22. Rad1 a5 23. Kh1 Bc6 24. Rd2 b5 25. h3 Rc8 26. Kh2 Bd5 27. Rf1 Qb7
28. Re2 a4 29. bxa4 Bc4 30. axb5 Qxb5 31. Rfe1 Bxe2 32. Rxe2 Rc4 33. Qd3 Qa4
34. g3 Rc5 35. Rd2 Rd5 36. Qc2 Qd7 37. Rxd5 Qxd5 38. c4 Qd4 39. b3 Bc5 40. Qg2
Qe3 41. h4 Qxb3 42. Qe2 Qe3 43. Qd1 Qd4 44. Qa4 Qg1+ 45. Kh3 h5 46. Qa8+ Kg7
47. Qe4 Qf1+ 48. Qg2 Qxg2+ 49. Kxg2 Kf8 50. Kf3 Ke7 51. g4 f5 52. exf6+ Kxf6
53. Kg3 Bb4 54. Kh3 hxg4+ 55. Kxg4 Bd6 0-1

[Event "II Festival ASDEC A"]
[Site "Messina ITA"]
[Date "2012.08.29"]
[Round "4"]
[White "Trimarchi, Giuseppe"]
[Black "Carbone, Stefano"]
[WhiteElo "1853"]
[BlackElo "2002"]
[Result "0-1"]
[PlyCount "118"]
[EventDate "2012.08.27"]

1. e4 d5 2. exd5 Qxd5 3. Nc3 Qd6 4. Nf3 Nf6 5. d3 a6 6. a3 b5 7. g3 Bb7 8. Bg2
e6 9. O-O Be7 10. Bf4 Qb6 11. Ne5 Bxg2 12. Kxg2 Qb7+ 13. Qf3 Qxf3+ 14. Kxf3 O-O
15. g4 Rd8 16. Bg3 Nfd7 17. Nxd7 Rxd7 18. Rad1 Nc6 19. Ne2 Rad8 20. b4 a5 21.
bxa5 Nxa5 22. Rb1 c6 23. Ra1 Nb7 24. Be5 Nc5 25. Kg2 Na4 26. Rfb1 f6 27. Bf4 e5
28. Be3 Ra8 29. Rb3 Ra6 30. Nc3 Nxc3 31. Rxc3 b4 32. Rb3 bxa3 33. Ra2 Kf7 34.
f3 Ra5 35. Kf1 Rb5 36. Rxb5 cxb5 37. Ke2 b4 38. Kd2 g6 39. h3 f5 40. Ke2 Ke6
41. Bf2 Kd5 42. Ra1 Kc6 43. Bg3 Bf6 44. g5 Bg7 45. Be1 Bf8 46. Bd2 Kb5 47. Bc1
Ka4 48. Bb2 Rd5 49. Kd2 e4 50. fxe4 fxe4 51. d4 Kb5 52. c4+ Kxc4 53. Rc1+ Kb5
54. Ba1 b3 55. Bc3 b2 56. Rb1 Bb4 57. Kc2 Rxg5 58. Bxb2 Rg2+ 59. Kb3 Rxb2+ 0-1

[Event "II Festival ASDEC A"]
[Site "Messina ITA"]
[Date "2012.08.29"]
[Round "4"]
[White "Zimmer, Hans-Werner"]
[Black "Arico', Maurizio"]
[WhiteElo "1994"]
[BlackElo "1843"]
[Result "1/2-1/2"]
[PlyCount "59"]
[EventDate "2012.08.27"]

1. e4 e6 2. d4 d5 3. e5 c5 4. c3 Nc6 5. Nf3 Bd7 6. Bd3 cxd4 7. cxd4 Qb6 8. O-O
Nb4 9. Be2 Ne7 10. Nc3 Nbc6 11. Na4 Qd8 12. Bg5 h6 13. Nc5 Rb8 14. Bxe7 Bxe7
15. Rc1 O-O 16. Re1 Bxc5 17. Rxc5 Qe7 18. Qd2 Rfc8 19. Bb5 a6 20. Bxc6 Rxc6 21.
Rxc6 Bxc6 22. Qa5 Qd8 23. Qxd8+ Rxd8 24. Rc1 Rc8 25. Nd2 Bd7 26. Rxc8+ Bxc8 27.
b4 Bd7 28. Nb3 b6 29. Kf1 Bb5+ 30. Ke1 1/2-1/2

[Event "II Festival ASDEC A"]
[Site "Messina ITA"]
[Date "2012.08.30"]
[Round "5"]
[White "Alfarone, Giovanni"]
[Black "Rota, Giacomo"]
[WhiteElo "1992"]
[BlackElo "1983"]
[Result "0-1"]
[PlyCount "66"]
[EventDate "2012.08.27"]

1. Nf3 d5 2. d4 Nf6 3. e3 e6 4. Bd3 c5 5. b3 Nc6 6. O-O Bd6 7. Bb2 O-O 8. Ne5
Qc7 9. f4 cxd4 10. exd4 Nb4 11. Nc3 Nxd3 12. cxd3 Qe7 13. Nb5 Bb4 14. a3 Ba5
15. Bc3 Bxc3 16. Nxc3 Bd7 17. g4 Rfc8 18. g5 Rxc3 19. gxf6 gxf6 20. Nxd7 Qxd7
21. Qg4+ Kh8 22. Qh4 Rg8+ 23. Kh1 Rg6 24. f5 exf5 25. Qh3 Rc2 26. Rac1 Rxc1 27.
Rxc1 Qe6 28. Rf1 f4 29. Qf3 Qe3 30. Qxf4 Qxd3 31. Rf3 Qb1+ 32. Rf1 Qxb3 33. Qf5
Qa2 0-1

[Event "II Festival ASDEC A"]
[Site "Messina ITA"]
[Date "2012.08.30"]
[Round "5"]
[White "Altomonte, Giuseppe"]
[Black "Cappadona, Salvatore"]
[WhiteElo "1860"]
[BlackElo "2081"]
[Result "1/2-1/2"]
[PlyCount "109"]
[EventDate "2012.08.27"]

1. d4 d5 2. c4 Nc6 3. Nc3 Nf6 4. Nf3 dxc4 5. d5 Na5 6. Qa4+ c6 7. dxc6 Nxc6 8.
Ne5 Bd7 9. Nxd7 Nxd7 10. Be3 e6 11. g3 Nb6 12. Qb5 Bb4 13. Bg2 Bxc3+ 14. bxc3
O-O 15. Bxc6 bxc6 16. Qxc6 Nd5 17. Qxc4 Rc8 18. Qd4 Nxc3 19. Qxd8 Rfxd8 20.
Bxa7 Ra8 21. Be3 Rxa2 22. O-O Rxe2 23. Rfe1 Rxe1+ 24. Rxe1 h6 25. Kg2 Nd5 26.
Bc5 Rb8 27. Re2 Rb3 28. Ra2 Rc3 29. Bd4 Rd3 30. Bc5 Kh7 31. h4 h5 32. Re2 Nf6
33. Be7 Ng4 34. Bc5 Nh6 35. Kh3 Nf5 36. Rc2 g5 37. hxg5 Kg6 38. Kg2 Kxg5 39.
Bb4 h4 40. gxh4+ Nxh4+ 41. Kf1 Nf5 42. Bd2+ Kg6 43. Bb4 Rb3 44. Bc5 Nh4 45. Be3
Nf3 46. Ke2 Ne5 47. Bd4 Ng4 48. Bc5 f5 49. Kf1 e5 50. Ba7 f4 51. Kg2 Kf5 52.
Bc5 f3+ 53. Kg3 e4 54. Bd4 Rb5 55. Rc8 1/2-1/2

[Event "II Festival ASDEC A"]
[Site "Messina ITA"]
[Date "2012.08.30"]
[Round "5"]
[White "Arico', Maurizio"]
[Black "Carbone, Edoardo"]
[WhiteElo "1843"]
[BlackElo "1824"]
[Result "1-0"]
[PlyCount "107"]
[EventDate "2012.08.27"]

1. e4 c5 2. c3 d5 3. exd5 Qxd5 4. d4 cxd4 5. cxd4 Nc6 6. Nf3 Bg4 7. Nc3 Qd7 8.
d5 Bxf3 9. gxf3 O-O-O 10. dxc6 Qxc6 11. Bd2 e5 12. Rc1 Kb8 13. Bg2 Qg6 14. O-O
Ne7 15. Qc2 f5 16. f4 Nc6 17. Be3 e4 18. Nb5 Bd6 19. Nxd6 Rxd6 20. Rfd1 Rhd8
21. Rxd6 Qxd6 22. a3 h6 23. b4 a6 24. Qc5 Qxc5 25. Bxc5 Rd3 26. a4 Rb3 27. Rc4
b5 28. axb5 axb5 29. Bd6+ Kb7 30. Rc1 Nxb4 31. Bxb4 Rxb4 32. Rc5 g6 33. Bf1 Kb6
34. Re5 Ka5 35. Re6 g5 36. fxg5 hxg5 37. Rg6 f4 38. Rxg5 Ka6 39. h4 Ka7 40.
Rxb5 Ra4 41. Re5 e3 42. h5 exf2+ 43. Kxf2 Ra6 44. Kf3 Rf6 45. Bd3 Kb7 46. Be4+
Kc7 47. Kg4 Kd6 48. Rg5 Ke7 49. Rg6 Rf8 50. h6 f3 51. Bxf3 Rf6 52. Rxf6 Kxf6
53. Kh5 Kf7 54. Bd5+ 1-0

[Event "II Festival ASDEC A"]
[Site "Messina ITA"]
[Date "2012.08.30"]
[Round "5"]
[White "Bonanzinga, Corrado"]
[Black "Trimarchi, Giuseppe"]
[WhiteElo "2091"]
[BlackElo "1853"]
[Result "1-0"]
[PlyCount "53"]
[EventDate "2012.08.27"]

1. d4 d6 2. c4 Nf6 3. Nc3 c6 4. Nf3 Nbd7 5. e4 Qc7 6. Be2 a6 7. O-O e5 8. d5 c5
9. a3 g6 10. Re1 Bg7 11. Bd2 O-O 12. b4 Ne8 13. Rb1 f5 14. Ng5 Qb8 15. Ne6 Rf7
16. exf5 Nf8 17. fxg6 Nxg6 18. Ne4 Bxe6 19. dxe6 Re7 20. Bg5 Qc7 21. bxc5 dxc5
22. Bxe7 Qxe7 23. Qd7 Qh4 24. Bf3 Rd8 25. Qf7+ Kh8 26. Rxb7 Nf4 27. e7 1-0

[Event "II Festival ASDEC A"]
[Site "Messina ITA"]
[Date "2012.08.30"]
[Round "5"]
[White "Buzzanca, Francesco"]
[Black "Fariselli, Umberto"]
[WhiteElo "1687"]
[BlackElo "1347"]
[Result "1-0"]
[PlyCount "73"]
[EventDate "2012.08.27"]

1. d4 d5 2. c4 e6 3. Nf3 c6 4. cxd5 exd5 5. Nc3 Nf6 6. Bg5 Be7 7. e3 O-O 8. Be2
Nbd7 9. O-O Re8 10. h3 h6 11. Bf4 Nh5 12. Bh2 Nhf6 13. a3 b5 14. Qb3 Qc7 15.
Bxc7 Bb7 16. Ne5 Nxe5 17. Bxe5 Nd7 18. Bh2 a5 19. Qc2 a4 20. e4 Bf6 21. e5 Be7
22. f4 Nf8 23. f5 f6 24. e6 Nh7 25. h4 Rec8 26. Bh5 Rd8 27. b4 axb3 28. Qxb3
Ba6 29. Rfd1 Rab8 30. Bc7 b4 31. Na4 bxa3 32. Bxb8 Bb5 33. Bc7 Re8 34. Bb6 Ra8
35. Nc5 Bc4 36. Qg3 a2 37. Qc7 1-0

[Event "II Festival ASDEC A"]
[Site "Messina ITA"]
[Date "2012.08.30"]
[Round "5"]
[White "Favaloro, Andrea"]
[Black "Gelardi, Davide"]
[WhiteElo "1760"]
[BlackElo "1755"]
[Result "1/2-1/2"]
[PlyCount "48"]
[EventDate "2012.08.27"]

1. e4 e6 2. d4 d5 3. Nc3 Nf6 4. Bg5 Bb4 5. e5 h6 6. Bd2 Bxc3 7. bxc3 Ne4 8. Qg4
Kf8 9. Bd3 Nxd2 10. Kxd2 c5 11. h4 c4 12. Be2 Nc6 13. Rh3 b5 14. Qf4 Qe7 15. g4
b4 16. g5 bxc3+ 17. Ke3 hxg5 18. hxg5 Rxh3+ 19. Nxh3 Rb8 20. g6 f6 21. exf6
gxf6 22. g7+ Qxg7 23. Qd6+ Qe7 24. Qxc6 e5 1/2-1/2

[Event "II Festival ASDEC A"]
[Site "Messina ITA"]
[Date "2012.08.30"]
[Round "5"]
[White "Ferrigno, Vincenzo"]
[Black "Iannello, Antonio"]
[WhiteElo "1827"]
[BlackElo "1741"]
[Result "0-1"]
[PlyCount "110"]
[EventDate "2012.08.27"]

1. e4 c5 2. Nf3 d6 3. d4 cxd4 4. Nxd4 Nf6 5. Nc3 a6 6. Be3 e5 7. Nb3 Be7 8. Bc4
O-O 9. O-O Be6 10. Bd5 Nc6 11. f3 Rc8 12. a3 Bxd5 13. Nxd5 Nxd5 14. Qxd5 Qc7
15. c4 Nd8 16. Rac1 Ne6 17. Nd2 Nd4 18. Bxd4 exd4 19. b4 Bf6 20. Nb3 Rfe8 21.
c5 dxc5 22. Qxc5 Qd7 23. Qb6 d3 24. Qe3 Bb2 25. Rxc8 Rxc8 26. Rb1 Rc2 27. Kh1
d2 28. Rd1 Bxa3 29. Rxd2 Rxd2 30. Nxd2 Bc1 31. Qa7 h6 32. Nc4 Qd1+ 33. Qg1
Qxg1+ 34. Kxg1 Kf8 35. Ne5 Ke7 36. Kf1 Bf4 37. Nd3 Bxh2 38. Ke2 Kd6 39. f4 g5
40. f5 Be5 41. Kf3 h5 42. Nc5 Kc6 43. Nd3 Bc3 44. Ke3 b6 45. Kf3 Kd6 46. Ke3 a5
47. bxa5 bxa5 48. Nc1 Bb2 49. Nd3 Bc3 50. Nc1 a4 51. Kd3 Bb2 52. Na2 Kc5 53. g3
a3 54. Kc2 Kd4 55. Nb4 Kxe4 0-1

[Event "II Festival ASDEC A"]
[Site "Messina ITA"]
[Date "2012.08.30"]
[Round "5"]
[White "Gangemi, Domenico"]
[Black "Fenocchio, Renato"]
[WhiteElo "1500"]
[BlackElo "1587"]
[Result "0-1"]
[PlyCount "122"]
[EventDate "2012.08.27"]

1. d4 Nf6 2. Nf3 d5 3. e3 c6 4. Be2 Bf5 5. Nbd2 e6 6. O-O Bd6 7. b3 O-O 8. Bb2
Nbd7 9. Ne5 Qc7 10. f4 Ne4 11. c4 b6 12. Rf3 f6 13. Nxd7 Qxd7 14. Nxe4 Bxe4 15.
Rg3 Kh8 16. Bd3 f5 17. c5 Bc7 18. Ba3 Rfe8 19. Bxe4 fxe4 20. Qg4 Rg8 21. h4 Qf7
22. Qe2 Bd8 23. Rh3 b5 24. Bb4 Bf6 25. Rf1 Qe7 26. Be1 a5 27. h5 a4 28. b4 g5
29. hxg6 Rxg6 30. Qh5 Rag8 31. Rh2 Qg7 32. Qh3 Be7 33. Kh1 Bf8 34. Rg1 Qf7 35.
g4 Rh6 36. Qg2 Rhg6 37. Qe2 Qf6 38. Rh3 Rh6 39. Qh2 Rxh3 40. Qxh3 Qh6 41. Qxh6
Bxh6 42. Bh4 Rg6 43. Be7 Kg8 44. g5 Bf8 45. Bf6 Kf7 46. Rg2 h6 47. Rh2 hxg5 48.
fxg5 Bg7 49. Rh7 Kg8 50. Rxg7+ Rxg7 51. Bxg7 Kxg7 52. Kg2 Kg6 53. Kg3 Kxg5 54.
a3 Kf5 55. Kh4 e5 56. dxe5 Kxe5 57. Kg3 d4 58. Kf2 d3 59. Ke1 Kd5 60. Kd1 Kc4
61. Kd2 Kb3 0-1

[Event "II Festival ASDEC A"]
[Site "Messina ITA"]
[Date "2012.08.30"]
[Round "5"]
[White "Gangemi, Salvatore"]
[Black "Carbone, Stefano"]
[WhiteElo "2048"]
[BlackElo "2002"]
[Result "1/2-1/2"]
[PlyCount "60"]
[EventDate "2012.08.27"]

1. c4 c6 2. Nf3 Nf6 3. Nc3 d5 4. e3 Bg4 5. d4 e6 6. Qb3 Qb6 7. Qxb6 axb6 8. Bd3
Bxf3 9. gxf3 Nbd7 10. e4 dxc4 11. Bxc4 b5 12. Bb3 e5 13. Be3 exd4 14. Bxd4 Bc5
15. O-O-O Bxd4 16. Rxd4 Nc5 17. Bc2 Ke7 18. e5 Nfd7 19. Re1 Ne6 20. Rh4 g5 21.
Rh6 b4 22. Ne4 Rxa2 23. Nd6 Ra1+ 24. Bb1 Ndc5 25. Nf5+ Ke8 26. Rd1 b3 27. Nd6+
Ke7 28. Rf6 Rf8 29. Nf5+ Ke8 30. Nd6+ Ke7 1/2-1/2

[Event "II Festival ASDEC A"]
[Site "Messina ITA"]
[Date "2012.08.30"]
[Round "5"]
[White "Grasso, Gaetano"]
[Black "Arito, Luigi"]
[WhiteElo "2032"]
[BlackElo "1921"]
[Result "1-0"]
[PlyCount "61"]
[EventDate "2012.08.27"]

1. e4 e5 2. Bc4 Nf6 3. d3 d5 4. exd5 Nxd5 5. Nf3 Nc6 6. O-O Be7 7. Re1 Nb6 8.
Bb5 f6 9. c3 O-O 10. d4 Bg4 11. Nbd2 exd4 12. Qb3+ Kh8 13. Bxc6 dxc3 14. Bxb7
cxd2 15. Bxd2 Rb8 16. Bc6 Bxf3 17. Qxf3 Nc4 18. Bc3 Ne5 19. Qd5 Qxd5 20. Bxd5
Bb4 21. f4 Bxc3 22. bxc3 Nd3 23. Re4 Rb2 24. Bc4 Nf2 25. Re7 g5 26. Rf1 Ng4 27.
h3 Rd8 28. hxg4 Rdd2 29. Re8+ Kg7 30. Rg8+ Kh6 31. fxg5+ 1-0

[Event "II Festival ASDEC A"]
[Site "Messina ITA"]
[Date "2012.08.30"]
[Round "5"]
[White "Iannello, Andrea"]
[Black "La Piana, Antonino"]
[WhiteElo "1776"]
[BlackElo "1700"]
[Result "1/2-1/2"]
[PlyCount "47"]
[EventDate "2012.08.27"]

1. e4 e5 2. Nf3 Nc6 3. Bb5 a6 4. Ba4 Nf6 5. O-O Be7 6. Re1 b5 7. Bb3 O-O 8. c3
d6 9. h3 Na5 10. Bc2 c5 11. d3 Nc6 12. Nbd2 Bb7 13. Nf1 Qc7 14. Ne3 Rac8 15.
Nf5 Bd8 16. Re3 Ne7 17. N3h4 Ng6 18. Nf3 Ra8 19. Nh2 Bc8 20. Qf3 Qd7 21. a4 b4
22. Nf1 a5 23. Nd2 d5 24. g4 1/2-1/2

[Event "II Festival ASDEC A"]
[Site "Messina ITA"]
[Date "2012.08.30"]
[Round "5"]
[White "Marzaduri, Riccardo"]
[Black "Zimmer, Hans-Werner"]
[WhiteElo "1826"]
[BlackElo "1994"]
[Result "1-0"]
[PlyCount "77"]
[EventDate "2012.08.27"]

1. e4 e5 2. d4 exd4 3. Nf3 Nc6 4. c3 d5 5. exd5 Qxd5 6. cxd4 Bg4 7. Be2 Nf6 8.
Nc3 Bb4 9. O-O Qa5 10. a3 Bxc3 11. bxc3 O-O 12. Qc2 Rfe8 13. Rb1 Nd5 14. Rb3
Rad8 15. Bd3 Bxf3 16. gxf3 a6 17. Bxh7+ Kh8 18. Be4 f5 19. Bxf5 Nf6 20. Bg6 Re6
21. Qf5 Re2 22. Qxa5 Nxa5 23. Rb2 Rxb2 24. Bxb2 Nc4 25. Bc1 Nd5 26. Bf7 Rd7 27.
Be6 Rd6 28. Re1 Ncb6 29. Bxd5 Nxd5 30. c4 Nf6 31. d5 c6 32. Bf4 Rd8 33. d6 Nd7
34. Bg5 Nf6 35. Bxf6 gxf6 36. c5 b6 37. cxb6 Rxd6 38. Re8+ Kg7 39. b7 1-0

[Event "II Festival ASDEC A"]
[Site "Messina ITA"]
[Date "2012.08.30"]
[Round "5"]
[White "Mazzaglia, Antonino"]
[Black "Cusmano, Antonello"]
[WhiteElo "1436"]
[BlackElo "1550"]
[Result "0-1"]
[PlyCount "168"]
[EventDate "2012.08.27"]

1. d4 Nf6 2. c4 e6 3. Nc3 d5 4. Bg5 Be7 5. Bxf6 Bxf6 6. e3 c6 7. cxd5 exd5 8.
Be2 Bf5 9. Bf3 Nd7 10. Nge2 Nf8 11. Ng3 Bg6 12. Nh5 Ne6 13. Nxf6+ Qxf6 14. O-O
Ng5 15. Be2 Qe6 16. Bg4 f5 17. Bf3 h5 18. h4 Ne4 19. Bxe4 fxe4 20. Rc1 O-O-O
21. Na4 b6 22. Qc2 Kb7 23. Qb3 Qe7 24. Rc2 Qxh4 25. Rfc1 Rd6 26. Nc5+ Kc7 27.
Na6+ Kb7 28. Nb4 Be8 29. a4 a5 30. Na2 Qg5 31. Qa3 Qg6 32. b4 h4 33. b5 h3 34.
bxc6+ Bxc6 35. g3 h2+ 36. Kh1 Qg4 37. f4 Qf3+ 38. Rg2 Rhh6 39. Qc3 Rdg6 40. Qe1
Rh3 41. Qf2 Qxf2 42. Rxf2 Rgxg3 43. Rxh2 Rxh2+ 44. Kxh2 Rxe3 45. Nc3 Rf3 46.
Nb5 Rxf4 47. Rg1 Bxb5 48. axb5 Rf7 49. Rg5 Rd7 50. Kg3 a4 51. Kf4 a3 52. Rg3
Rc7 53. Rxa3 Rc4 54. Ke5 Rb4 55. Kxd5 Rxb5+ 56. Kxe4 Rg5 57. d5 b5 58. Rf3 Kb6
59. Rf7 Rg1 60. d6 Re1+ 61. Kd5 Rd1+ 62. Ke6 Re1+ 63. Kd7 Kc5 64. Rxg7 Rd1 65.
Rg5+ Kb6 66. Rg6 b4 67. Ke7 Kc5 68. Rg5+ Kc6 69. Rg6 b3 70. d7+ Kc7 71. Rg3
Rxd7+ 72. Ke6 Rd6+ 73. Ke5 Rb6 74. Rc3+ Kb7 75. Rc1 b2 76. Rb1 Rb4 77. Kd5 Kb6
78. Kd6 Ka5 79. Kc5 Ka4 80. Kd5 Ka3 81. Kc5 Rb3 82. Kc4 Ka2 83. Rf1 b1=Q 84.
Rf2+ Rb2 0-1

[Event "II Festival ASDEC A"]
[Site "Messina ITA"]
[Date "2012.08.30"]
[Round "5"]
[White "Napoli Costa, Antonello"]
[Black "Quattrone, Andrea"]
[WhiteElo "1743"]
[BlackElo "1820"]
[Result "0-1"]
[PlyCount "52"]
[EventDate "2012.08.27"]

1. e4 e6 2. Nf3 d5 3. exd5 exd5 4. d4 c6 5. Be2 Bd6 6. Be3 Nf6 7. Bg5 Nbd7 8.
Qc1 Qc7 9. Qe3+ Kd8 10. O-O Re8 11. Qd3 h6 12. Bh4 Nf8 13. Nbd2 Ng6 14. Bxf6+
gxf6 15. g3 h5 16. Rfe1 h4 17. Bf1 Be6 18. Re3 hxg3 19. hxg3 Bxg3 20. Bg2 Bf4
21. Ree1 Rh8 22. Kf1 Kd7 23. Ke2 Bxd2 24. Kxd2 Nf4 25. Qf1 Rag8 26. Bh1 Bh3 0-1

[Event "II Festival ASDEC A"]
[Site "Messina ITA"]
[Date "2012.08.30"]
[Round "5"]
[White "Rosolia, Giuseppe"]
[Black "Colnaghi, Davide"]
[WhiteElo "1817"]
[BlackElo "1690"]
[Result "0-1"]
[PlyCount "72"]
[EventDate "2012.08.27"]

1. e4 e5 2. Nf3 d6 3. Be2 Be7 4. O-O f5 5. d3 Nf6 6. c3 O-O 7. Nbd2 Nbd7 8. Ng5
Nc5 9. b4 Ne6 10. Qb3 d5 11. Ndf3 Qd6 12. exd5 Nxd5 13. c4 Bxg5 14. Nxg5 Nd4
15. Qb2 Nxb4 16. a3 Nxe2+ 17. Qxe2 Nxd3 18. c5 Nxc5 19. Be3 Ne6 20. Rfd1 Qe7
21. Qc4 h6 22. Nf3 e4 23. Ne5 Kh7 24. Rac1 Rd8 25. Rxd8 Nxd8 26. Qc3 Bd7 27.
Qxc7 Nc6 28. Rxc6 bxc6 29. Qxd7 Qxd7 30. Nxd7 Rd8 31. g4 Rxd7 32. gxf5 Rf7 33.
Kg2 a6 34. Kg3 Rxf5 35. Kg4 Kg6 36. a4 Ra5 0-1

[Event "II Festival ASDEC A"]
[Site "Messina ITA"]
[Date "2012.08.30"]
[Round "5"]
[White "Russo, Alfio"]
[Black "Cannella, Carlo"]
[WhiteElo "1905"]
[BlackElo "1950"]
[Result "1-0"]
[PlyCount "69"]
[EventDate "2012.08.27"]

1. g3 d5 2. Bg2 Nf6 3. Nf3 c6 4. c4 g6 5. O-O Bg7 6. cxd5 cxd5 7. d3 Nc6 8. Nc3
O-O 9. Bf4 d4 10. Na4 Nd5 11. Bd2 e5 12. Qb3 Nc7 13. Rac1 Qd6 14. Ng5 Ne7 15.
Bb4 Qd8 16. Ba5 Nc6 17. Bxc6 bxc6 18. Nxf7 Rxf7 19. Rxc6 Kf8 20. Rfc1 Qd5 21.
Qxd5 Nxd5 22. Rxc8+ Rxc8 23. Rxc8+ Ke7 24. Nc5 Bf8 25. Ne4 Kd7 26. Rc1 h6 27.
a3 Ke6 28. Rc6+ Kd7 29. Rxg6 Nc7 30. Bxc7 Kxc7 31. b4 Kd8 32. Re6 Bg7 33. Kg2
Rc7 34. Nc5 a5 35. Rg6 1-0

[Event "II Festival ASDEC A"]
[Site "Messina ITA"]
[Date "2012.08.30"]
[Round "5"]
[White "Seletsky, Grigory"]
[Black "Gromovs, Sergejs"]
[WhiteElo "2348"]
[BlackElo "2206"]
[Result "1/2-1/2"]
[PlyCount "29"]
[EventDate "2012.08.27"]

1. e4 e5 2. Nf3 Nc6 3. Bc4 Nf6 4. d3 h6 5. Nc3 Bb4 6. Bd2 O-O 7. Nd5 Bxd2+ 8.
Qxd2 d6 9. h3 Nxd5 10. Bxd5 Ne7 11. Bb3 Ng6 12. O-O-O c5 13. Ng1 b5 14. Bd5 Rb8
15. Ne2 1/2-1/2

[Event "II Festival ASDEC A"]
[Site "Messina ITA"]
[Date "2012.08.30"]
[Round "5"]
[White "Sileci, Salvatore"]
[Black "Marzaduri, Marco R."]
[WhiteElo "1751"]
[BlackElo "1845"]
[Result "0-1"]
[PlyCount "64"]
[EventDate "2012.08.27"]

1. d4 d5 2. c4 e6 3. Nc3 Nf6 4. Bg5 Nbd7 5. Nf3 Be7 6. e3 O-O 7. Rc1 c6 8. Bd3
b6 9. O-O Bb7 10. cxd5 cxd5 11. a3 h6 12. Bh4 Ne4 13. Bxe7 Qxe7 14. Nb5 Rfc8
15. Rxc8+ Bxc8 16. Qc2 Ndf6 17. Rc1 Bd7 18. Ne5 Rc8 19. Qxc8+ Bxc8 20. Rxc8+
Ne8 21. Nxa7 Qxa7 22. Rxe8+ Kh7 23. f3 Qa4 24. Bxe4+ dxe4 25. Rc8 Qd1+ 26. Kf2
Qd2+ 27. Kg3 exf3 28. Kxf3 f6 29. Nc4 Qd1+ 30. Kf2 Qc2+ 31. Kf3 e5 32. dxe5
Qf5+ 0-1

[Event "II Festival ASDEC A"]
[Site "Messina ITA"]
[Date "2012.08.30"]
[Round "5"]
[White "Spina, Simonpietro"]
[Black "Buda, Elvin"]
[WhiteElo "1730"]
[BlackElo "1842"]
[Result "0-1"]
[PlyCount "78"]
[EventDate "2012.08.27"]

1. c4 f5 2. Nc3 Nf6 3. g3 e5 4. d3 d6 5. Bg2 Be7 6. Nf3 O-O 7. O-O Qe8 8. Bg5
Nc6 9. Bxf6 Bxf6 10. Nd5 Bd8 11. b4 f4 12. b5 Ne7 13. Nd2 Qh5 14. e3 Bg4 15.
Nxe7+ Bxe7 16. Bd5+ Kh8 17. Bf3 fxg3 18. fxg3 Rxf3 19. Rxf3 Bg5 20. Qe2 e4 21.
dxe4 Bxf3 22. Nxf3 Re8 23. Rf1 Bf6 24. Qd3 Qg4 25. Nd2 h5 26. Rf4 Qg6 27. Qe2
Bg5 28. Rf3 Qh6 29. Qf2 Kh7 30. h4 Bf6 31. Rf5 Re5 32. Rxe5 Bxe5 33. Qf5+ Qg6
34. Kf2 Bxg3+ 35. Kf3 Bxh4 36. Qxg6+ Kxg6 37. Kg2 Kf6 38. Nf3 Bg5 39. Kf2 Bh6
0-1